| 000 | 01502nam a22003737a 4500 | ||
|---|---|---|---|
| 003 | CHAP | ||
| 005 | 20220329141314.0 | ||
| 008 | 971010s1981 r 00010 d | ||
| 010 | _a66126 | ||
| 011 | _a67098 | ||
| 035 | _a76337 | ||
| 040 | _cCHAP | ||
| 082 |
_a630.71 _bU34 |
||
| 110 |
_aUACH. Departamento de Trabajos de Campo Universitarios _9115896 |
||
| 245 |
_aHacia un proyecto educativo alternativo _b: documentos de discusión interna |
||
| 260 |
_aChapingo, Méx. : _bLa Universidad, _c1981 |
||
| 300 | _a121 h | ||
| 500 | _ac.2-6 dif. pag. pero son iguales | ||
| 590 |
_aBATCH-UPD _b10 _c20130110 _lUCH01 _h2059 |
||
| 590 |
_aBATCH-UPD _b10 _c20130410 _lUCH01 _h1411 |
||
| 590 |
_aBATCH-UPD _b10 _c20130914 _lUCH01 _h1242 |
||
| 590 |
_aCONVERSION _b10 _c20130109 _lUCH01 _h1336 |
||
| 650 | 1 | 4 |
_aEducación agrícola _zMéxico. _935552 |
| 901 | _aBK | ||
| 942 | _cLIBRO | ||
| 949 |
_a630.71 U34 _bBC _cLIBRO _d33724000555322 _eLIBRO _fc.2 _h71348 _i76337 _si |
||
| 949 |
_a630.71 U34 _bBC _cLIBRO _d33724000555330 _eLIBRO _fc.3 _h71349 _i76337 _si |
||
| 949 |
_a630.71 U34 _bBC _cLIBRO _d33724000555348 _eLIBRO _fc.4 _h71350 _i76337 _si |
||
| 949 |
_a630.71 U34 _bBC _cLIBRO _d33724000555355 _eLIBRO _fc.6 _h71352 _i76337 _si |
||
| 949 |
_a630.71 U34 _bBC _cLIBRO _d33724000584967 _eLIBRO _fc.5 _h71351 _i76337 _si |
||
| 949 |
_a630.71 U34 _bBC _cUACH _d-148934 _eUACH _h61441 _i76337 _si |
||
| 949 |
_a630.71 U34 _bZA _cLIBRO _d-68391 _eLIBRO _fc.2 _h5808 _i76337 _si |
||
| 949 |
_a630.71 U34 _bZA _cLIBRO _d-9365 _eLIBRO _h5807 _i76337 _si |
||
| 999 |
_c66126 _d66126 |
||